Deutsche Goldschmiede-Werke (Record no. 7370)

MARC details
000 -CABECERA
campo de control de longitud fija 00689nam a2200217 a 4500
001 - NÚMERO DE CONTROL
campo de control BRCA_7696
005 - FECHA Y HORA DE LA ÚLTIMA TRANSACCIÓN
campo de control 20190320205941.0
008 - DATOS DE LONGITUD FIJA--INFORMACIÓN GENERAL
campo de control de longitud fija 230813s1890----gw-a######---#000-0#ger-#
041 ## - CÓDIGO DE LENGUA
Código de lengua del texto/banda sonora o título independiente ger
044 ## - CÓDIGO DEL PAÍS DE LA ENTIDAD EDITORA/PRODUCTORA
Código MARC del país gw
050 #4 - SIGNATURA TOPOGRÁFICA DE LA BIBLIOTECA DEL CONGRESO
Número de clasificación NK7150
Número de documento/Ítem .H44 1890
100 1# - ENTRADA PRINCIPAL--NOMBRE DE PERSONA
Nombre de persona Hefner-Alteneck, J. H. von
9 (RLIN) 19018
245 10 - MENCIÓN DE TÍTULO
Título Deutsche Goldschmiede-Werke
Resto del título des sechzehnten jahrhunderts
Mención de responsabilidad, etc. von J. H. von Hefner-Alteneck.
260 ## - PUBLICACIÓN, DISTRIBUCIÓN, ETC.
Lugar de publicación, distribución, etc. Frankfurt, Alemania
Nombre del editor, distribuidor, etc. H. Keller
Fecha de publicación, distribución, etc. 1890
300 ## - DESCRIPCIÓN FÍSICA
Extensión 18 p.
Otras características físicas il. a color, 30 láminas
Dimensiones 35 cm.
500 ## - NOTA GENERAL
Nota general U33
650 14 - PUNTO DE ACCESO ADICIONAL DE MATERIA--TÉRMINO DE MATERIA
Término de materia o nombre geográfico como elemento de entrada Orfebrería
Subdivisión de forma Coleccionistas y colecciones
Subdivisión geográfica Alemania
9 (RLIN) 19019
650 14 - PUNTO DE ACCESO ADICIONAL DE MATERIA--TÉRMINO DE MATERIA
Término de materia o nombre geográfico como elemento de entrada Orfebrería
Subdivisión cronológica Siglo XVI
Subdivisión geográfica Alemania
9 (RLIN) 19020
902 ## - CATALOGADOR
Iniciales GFM
942 ## - ELEMENTOS DE PUNTO DE ACCESO ADICIONAL (KOHA)
Fuente del sistema de clasificación o colocación Library of Congress Classification
Tipo de ítem Koha Libros
Holdings
Estado de retiro Estado de pérdida Estado dañado No para préstamo Localización permanente Ubicación/localización actual Fecha de adquisición Número de inventario Total de préstamos Signatura topográfica completa Código de barras Fecha visto por última vez Precio válido a partir de Tipo de ítem Koha
El ejemplar forma parte de la colección y puede ser consultado según las políticas vigentes.       Biblioteca del Museo Franz Mayer (Rogerio Casas-Alatriste) Biblioteca del Museo Franz Mayer (Rogerio Casas-Alatriste) 22/08/2013 U33   NK7150 .H44 1890 (U33) 8305 22/03/2019 22/03/2019 Libros